| 000 | 01523nam a22003734a 4500 | ||
|---|---|---|---|
| 001 | 198146 | ||
| 003 | ES-MaACL | ||
| 005 | 20260610190240.0 | ||
| 007 | ta | ||
| 008 | 260309s2025 sp ||||| |||| 001 0 spa d | ||
| 017 |
_aM 22118-2025 _bOficina Depósito Legal Madrid |
||
| 020 | _a978-84-8344-992-9 | ||
| 040 |
_bspa _cES-MaACL _aES-MaACL _erda |
||
| 080 | _a141.131 | ||
| 100 | 0 |
_aAlcínoo _4aut _9243202 _eaut |
|
| 245 |
_aDidaskalikós : _benseñanzas de las doctrinas de Platón / _cAlcínoo ; introducción, traducción y notas de Tomás Rodríguez Hevia |
||
| 250 | _aPrimera edición, diciembre 2025 | ||
| 264 | 1 |
_aMadrid : _bUAM Ediciones, _c2025 |
|
| 264 | 4 | _c©2025 | |
| 300 |
_a163 páginas ; _c25 cm |
||
| 336 |
_2rdacontent _atexto |
||
| 337 |
_2rdamedia _asin mediación |
||
| 338 |
_2rdacarrier _avolumen |
||
| 490 | 0 |
_aColección Idea. _pMetafísica Ontología ; _v2 |
|
| 500 | _aEjemplar firmado y dedicado por el traductor | ||
| 501 | _aÍndice | ||
| 650 | 4 |
_aPlatonismo _916132 |
|
| 700 | 1 |
_aRodríguez Hevia, Tomás _4trl _9243203 _etrl |
|
| 852 |
_aES.MaACL _cDEPO1 _jA-16013 _gDedicatoria autógrafa del traductor _hDonación: Tomás Rodríguez Hevia _xEncuadernación rústica con solapas |
||
| 942 |
_cMONOGRAFIA _n0 |
||
| 999 |
_c198146 _d198146 |
||